000 00787aam a2200289 i 4500
001 768714001
003 CO-MdFUSB
005 20251024104724.0
007 ta
008 251024t1891 nyua|||| |||| 00| 0 eng d
040 _cCO-MdFUSB
041 0 _aeng
082 0 4 _223
_a252
_bS7723s
100 1 _aSpurgeon, C. H. (Charles Haddon) (1834-1892)
_eautor
245 1 0 _aSermons in Candles :
_btwo lectures
_c/ C. H. Spurgeon
264 1 _bAmerican Tract Society,
_aNew York, USA :
_c[1891]
264 4 _c©1891
300 _a170 páginas
336 _atexto
_btxt
_2rdacontent
337 _2rdamedia
_asin mediación
_bn
338 _2rdacarrier
_avolumen
_bnc
563 _aPasta dura
650 7 _aSermones
_9283
942 _cBK
945 _aJTF-925
999 _c36466
_d36466